00740cam a22002414a 4500001000500000005001700005020001800022040002300040050001400063082001200077100001700089245005300106260003300159300004500192490001900237505000800256520011900264521002000383521002000403650003100423650001000454700003400464161920250521091328.0 a9780753458044 aDLCcDLCdDLCbeng00aQL565.A4400a595.7991 aAllen, Judy.10aAre you a bee? cJudy Allen and Tudor Humphries. aNew York :bKingfisherc2000 a31 pages :bcolor illustrations ;c22 cm1 aBackyard books aM  aA juvenile bee faces many challenges as it takes its place in the hive and joins in the work of the bee community. a530 bLexile  aM bRaz-Plus  0aBeesvJuvenile literature. 1aBees.1 aHumphries, Tudoreillustrator